| 000 | 00719 a2200229 4500 | ||
|---|---|---|---|
| 003 | OSt | ||
| 005 | 20180116192406.0 | ||
| 008 | 120615t xxu||||| |||| 00| 0 eng d | ||
| 020 | _a0500300372 | ||
| 020 | _a9780500300374 | ||
| 040 | _c0 | ||
| 082 | _a759.4 | ||
| 100 |
_aHoog, Michel. _94645 |
||
| 245 | 1 | 0 |
_aCeÌzanne : _bthe first modern painter / _cMichel Hoog. |
| 260 |
_aLondon : _bThames and Hudson, _c1994. |
||
| 300 |
_a175p. : _b ill., ports. ; _c18cm. |
||
| 500 | _aBibliography: 168p. - Includes index. | ||
| 600 | 1 | 4 |
_aCeÌzanne, Paul, _d1839-1906. _94646 |
| 650 | 1 | 0 |
_aPaintings _zFrance _94647 |
| 942 |
_aSADA _cBK _k759.4 HOO 1994 _2ddc |
||
| 999 |
_c353388 _d353388 |
||